[Event "World Chess Olympiad 2018"]
[Site "Batumi"]
[Date "2018.09.24"]
[Round "1"]
[Board "3"]
[WhiteFideId "900290"]
[White "Kosic Dragan"]
[BlackFideId "10802088"]
[Black "Ngani Victor"]
[Result "1-0"]
[LiveChessVersion "1.4.8"]
[BlackElo "2022"]
[WhiteElo "2465"]

1. d4 {[%clk 1:30:57]} d5 {[%clk 1:28:54]} 2. Nf3 {[%clk 1:30:51]} Nf6
{[%clk 1:28:01]} 3. c4 {[%clk 1:28:33]} c6 {[%clk 1:28:25]} 4. Nc3
{[%clk 1:28:50]} a6 {[%clk 1:28:50]} 5. e3 {[%clk 1:28:45]} Bf5 {[%clk 1:22:27]}
6. Qb3 {[%clk 1:27:07]} b5 {[%clk 1:22:44]} 7. cxd5 {[%clk 1:27:13]} cxd5
{[%clk 1:23:12]} 8. a4 {[%clk 1:27:00]} b4 {[%clk 1:22:15]} 9. Na2
{[%clk 1:23:20]} Nc6 {[%clk 1:14:21]} 10. Bd2 {[%clk 1:20:37]} e6
{[%clk 1:08:33]} 11. Rc1 {[%clk 1:09:26]} Na5 {[%clk 0:59:49]} 12. Qd1
{[%clk 1:09:48]} b3 {[%clk 1:00:10]} 13. Nc3 {[%clk 1:07:00]} Bc2
{[%clk 0:57:01]} 14. Rxc2 {[%clk 1:07:25]} bxc2 {[%clk 0:57:21]} 15. Qxc2
{[%clk 1:07:53]} Bb4 {[%clk 0:48:12]} 16. Bd3 {[%clk 1:06:31]} O-O
{[%clk 0:48:35]} 17. O-O {[%clk 1:06:53]} Qd6 {[%clk 0:41:32]} 18. Ne5
{[%clk 1:07:05]} g6 {[%clk 0:39:19]} 19. f4 {[%clk 1:07:03]} Rfc8
{[%clk 0:34:18]} 20. Be1 {[%clk 1:06:02]} Nd7 {[%clk 0:31:49]} 21. Qe2
{[%clk 1:05:40]} Nxe5 {[%clk 0:24:13]} 22. fxe5 {[%clk 1:05:29]} Qf8
{[%clk 0:24:05]} 23. h4 {[%clk 1:04:49]} Nc6 {[%clk 0:20:28]} 24. Bxa6
{[%clk 1:03:54]} Rcb8 {[%clk 0:18:46]} 25. Bb5 {[%clk 1:03:59]} Na7
{[%clk 0:16:57]} 26. Bd3 {[%clk 1:03:20]} Be7 {[%clk 0:17:06]} 27. h5
{[%clk 1:02:45]} Qg7 {[%clk 0:14:07]} 28. hxg6 {[%clk 1:00:29]} hxg6
{[%clk 0:13:14]} 29. e4 {[%clk 0:59:36]} Nc6 {[%clk 0:10:49]} 30. Bf2
{[%clk 0:57:01]} Nb4 {[%clk 0:10:01]} 31. Bb5 {[%clk 0:56:31]} Qh6
{[%clk 0:08:36]} 32. exd5 {[%clk 0:55:36]} exd5 {[%clk 0:09:03]} 33. Qf3
{[%clk 0:55:20]} Bg5 {[%clk 0:07:32]} 34. Nxd5 {[%clk 0:51:52]} Nxd5
{[%clk 0:07:54]} 35. Qxd5 {[%clk 0:52:10]} Kg7 {[%clk 0:08:17]} 36. g3
{[%clk 0:47:25]} Rh8 {[%clk 0:08:02]} 37. Qg2 {[%clk 0:47:50]} Rac8
{[%clk 0:06:57]} 38. Bd3 {[%clk 0:46:48]} Rh7 {[%clk 0:03:16]} 39. Re1
{[%clk 0:45:26]} Bd2 {[%clk 0:03:24]} 40. Rd1 {[%clk 1:14:34]} Rch8
{[%clk 0:33:10]} 41. Be4 {[%clk 1:11:55]} Qg5 {[%clk 0:32:20]} 42. Qf3
{[%clk 1:10:27]} Rh2 {[%clk 0:32:09]} 43. Qf6+ {[%clk 1:10:24]} Kf8
{[%clk 0:31:17]} 44. Qxg5 {[%clk 1:10:10]} Bxg5 {[%clk 0:31:45]} 45. a5
{[%clk 1:09:59]} Bd8 {[%clk 0:29:35]} 46. Ra1 {[%clk 1:06:17]} R2h7
{[%clk 0:26:18]} 47. d5 {[%clk 1:04:29]} f5 {[%clk 0:26:28]} 48. Bg2
{[%clk 1:04:03]} Rb7 {[%clk 0:25:57]} 1-0

[Event "World Chess Olympiad 2018"]
[Site "Batumi"]
[Date "2018.09.24"]
[Round "1"]
[Board "4"]
[WhiteFideId "10804714"]
[White "Methu Joseph Muragu"]
[BlackFideId "944335"]
[Black "Draskovic Luka"]
[Result "0-1"]
[LiveChessVersion "1.4.8"]
[BlackElo "2449"]
[WhiteElo "2041"]

1. d4 {[%clk 1:28:44]} Nf6 {[%clk 1:30:29]} 2. c4 {[%clk 1:28:13]} g6
{[%clk 1:30:30]} 3. Nc3 {[%clk 1:28:19]} Bg7 {[%clk 1:30:34]} 4. Bf4
{[%clk 1:27:12]} O-O {[%clk 1:30:03]} 5. e3 {[%clk 1:26:31]} d6 {[%clk 1:29:24]}
6. Nf3 {[%clk 1:25:57]} Nbd7 {[%clk 1:27:56]} 7. Be2 {[%clk 1:25:35]} c6
{[%clk 1:25:21]} 8. O-O {[%clk 1:17:28]} Nh5 {[%clk 1:23:20]} 9. Bg5
{[%clk 1:16:43]} h6 {[%clk 1:18:21]} 10. Bh4 {[%clk 1:16:45]} f5 {[%clk 1:14:35]}
11. Nd2 {[%clk 1:10:57]} Nhf6 {[%clk 1:13:42]} 12. Rc1 {[%clk 1:08:34]} e5
{[%clk 1:10:37]} 13. f4 {[%clk 0:55:09]} Qe7 {[%clk 0:57:51]} 14. Nb3
{[%clk 0:49:44]} b6 {[%clk 0:50:43]} 15. Qd2 {[%clk 0:47:30]} Bb7
{[%clk 0:49:14]} 16. Bf3 {[%clk 0:46:20]} Qf7 {[%clk 0:38:02]} 17. c5
{[%clk 0:36:58]} exf4 {[%clk 0:27:44]} 18. exf4 {[%clk 0:36:38]} d5
{[%clk 0:26:43]} 19. Be2 {[%clk 0:23:08]} Rfe8 {[%clk 0:26:36]} 20. Kh1
{[%clk 0:21:46]} Re6 {[%clk 0:26:23]} 21. Bd3 {[%clk 0:19:21]} Rae8
{[%clk 0:26:04]} 22. Rce1 {[%clk 0:19:31]} Bf8 {[%clk 0:21:22]} 23. Rxe6
{[%clk 0:15:22]} Rxe6 {[%clk 0:21:01]} 24. cxb6 {[%clk 0:14:08]} axb6
{[%clk 0:20:56]} 25. a3 {[%clk 0:14:04]} Be7 {[%clk 0:16:24]} 26. Bf2
{[%clk 0:10:53]} Bd6 {[%clk 0:15:40]} 27. Re1 {[%clk 0:09:50]} Ne4
{[%clk 0:13:13]} 28. Bxe4 {[%clk 0:10:00]} fxe4 {[%clk 0:13:34]} 29. Be3
{[%clk 0:09:40]} Ba6 30. Nc1 Nf6 {[%clk 0:08:28]} 31. N1e2 {[%clk 0:07:59]} Ng4
{[%clk 0:06:41]} 32. h3 {[%clk 0:06:58]} Nxe3 {[%clk 0:05:55]} 33. Qxe3
{[%clk 0:07:27]} Rf6 {[%clk 0:06:12]} 34. Qg3 {[%clk 0:01:47]} Kh7
{[%clk 0:04:45]} 35. b4 {[%clk 0:01:06]} g5 {[%clk 0:03:40]} 36. Qh2
{[%clk 0:00:36]} gxf4 {[%clk 0:03:59]} 37. g3 {[%clk 0:00:39]} fxg3
{[%clk 0:03:23]} 0-1

[Event "World Chess Olympiad 2018"]
[Site "Batumi"]
[Date "2018.09.24"]
[Round "1"]
[Board "1"]
[WhiteFideId "19800029"]
[White "Traore Bakary"]
[BlackFideId "14907518"]
[Black "Jurcik Marian"]
[Result "1/2-1/2"]
[LiveChessVersion "1.4.8"]
[BlackElo "2451"]
[WhiteElo "2169"]

1. e4 {[%clk 1:30:52]} c5 {[%clk 1:30:47]} 2. Nf3 {[%clk 1:31:14]} Nc6
{[%clk 1:30:49]} 3. d4 {[%clk 1:31:22]} cxd4 {[%clk 1:31:14]} 4. Nxd4
{[%clk 1:31:48]} e6 {[%clk 1:31:36]} 5. Nc3 {[%clk 1:31:33]} Nf6 {[%clk 1:31:41]}
6. Be2 {[%clk 1:31:33]} Bb4 {[%clk 1:32:02]} 7. Nxc6 {[%clk 1:30:57]} bxc6
{[%clk 1:30:58]} 8. O-O {[%clk 1:30:55]} d5 {[%clk 1:23:58]} 9. exd5
{[%clk 1:26:24]} cxd5 {[%clk 1:24:17]} 10. Qd4 {[%clk 1:23:39]} Be7
{[%clk 1:24:12]} 11. Bf4 {[%clk 1:20:56]} O-O {[%clk 1:21:11]} 12. Nb5
{[%clk 1:17:28]} Ba6 {[%clk 1:06:15]} 13. Be5 {[%clk 1:08:10]} g6
{[%clk 0:39:39]} 14. c4 {[%clk 1:03:07]} Bxb5 {[%clk 0:38:58]} 15. cxb5
{[%clk 1:03:10]} Nd7 {[%clk 0:39:18]} 16. Bf4 {[%clk 0:55:43]} Re8
{[%clk 0:30:47]} 17. Bf3 {[%clk 0:51:21]} Bf6 {[%clk 0:28:29]} 18. Qd2
{[%clk 0:51:20]} Nb6 {[%clk 0:28:32]} 19. Rab1 {[%clk 0:48:06]} e5
{[%clk 0:28:10]} 20. Bg3 {[%clk 0:43:10]} Bg5 {[%clk 0:25:13]} 21. Qb4
{[%clk 0:41:08]} f5 {[%clk 0:24:46]} 22. h3 {[%clk 0:39:10]} e4 {[%clk 0:23:36]}
23. Be2 {[%clk 0:37:32]} f4 {[%clk 0:19:20]} 24. Bh2 {[%clk 0:37:45]} d4
{[%clk 0:18:47]} 25. a4 {[%clk 0:35:04]} d3 {[%clk 0:16:50]} 26. Bd1
{[%clk 0:35:08]} Qe7 {[%clk 0:14:57]} 27. Qb3+ {[%clk 0:33:43]} Kg7
{[%clk 0:13:03]} 28. f3 {[%clk 0:33:26]} e3 {[%clk 0:12:23]} 29. Qxd3
{[%clk 0:33:38]} e2 {[%clk 0:12:49]} 30. Bxe2 {[%clk 0:31:58]} Qxe2
{[%clk 0:13:12]} 31. Qd4+ {[%clk 0:29:17]} Qe5 {[%clk 0:13:18]} 32. Rfd1
{[%clk 0:29:29]} Bf6 {[%clk 0:11:10]} 33. Qxe5 {[%clk 0:29:31]} Bxe5
{[%clk 0:11:37]} 34. b3 Rad8 35. Kf1 {[%clk 0:26:37]} Nd5 {[%clk 0:11:10]} 36.
Bg1 {[%clk 0:26:03]} Ne3+ {[%clk 0:11:22]} 37. Bxe3 {[%clk 0:26:14]} fxe3
{[%clk 0:11:49]} 38. Ke2 {[%clk 0:26:31]} Bf4 {[%clk 0:11:59]} 39. Rd3
{[%clk 0:24:58]} Rxd3 {[%clk 0:10:23]} 40. Kxd3 {[%clk 0:25:26]} e2
{[%clk 0:04:24]} 41. Re1 {[%clk 0:55:53]} Re3+ {[%clk 0:34:49]} 42. Kd4
{[%clk 0:55:24]} Kf6 {[%clk 0:30:21]} 43. g3 {[%clk 0:55:50]} Bxg3
{[%clk 0:19:21]} 44. Kxe3 {[%clk 0:56:01]} Bxe1 {[%clk 0:19:47]} 45. Kxe2
{[%clk 0:56:14]} Bg3 {[%clk 0:13:53]} 46. Kd3 {[%clk 0:56:35]} Ke5
{[%clk 0:04:09]} 47. Kc4 {[%clk 0:56:29]} Kd6 {[%clk 0:02:32]} 48. a5
{[%clk 0:56:21]} Kc7 {[%clk 0:02:42]} 49. b4 Kb7 50. Kc5 {[%clk 0:53:20]} Bf2+
{[%clk 0:02:57]} 51. Kd5 {[%clk 0:53:07]} g5 {[%clk 0:02:49]} 52. Kc4
{[%clk 0:51:58]} Be3 {[%clk 0:01:19]} 53. Kd3 {[%clk 0:52:10]} Bf4
{[%clk 0:01:37]} 54. Kc4 {[%clk 0:52:35]} Bd6 {[%clk 0:02:00]} 55. Kb3
{[%clk 0:52:53]} Be7 {[%clk 0:00:45]} 56. Ka4 {[%clk 0:52:32]} Bd8
{[%clk 0:00:41]} 57. Kb3 {[%clk 0:52:48]} Bc7 {[%clk 0:00:33]} 58. Ka4
{[%clk 0:53:15]} Bb8 {[%clk 0:00:53]} 59. Kb3 {[%clk 0:53:33]} Kc7
{[%clk 0:01:11]} 60. Kc4 {[%clk 0:53:56]} Kd6 {[%clk 0:01:27]} 61. Kd4
{[%clk 0:52:36]} Bc7 {[%clk 0:00:57]} 62. Ke4 {[%clk 0:52:26]} Ke6
{[%clk 0:00:56]} 63. Kd4 {[%clk 0:52:47]} Kd6 {[%clk 0:00:42]} 64. Kc4
{[%clk 0:52:30]} Bb8 {[%clk 0:00:33]} 65. Kd4 {[%clk 0:52:55]} h5
{[%clk 0:00:50]} 66. Ke4 {[%clk 0:52:29]} Ke6 {[%clk 0:00:53]} 67. Kd4
{[%clk 0:52:09]} Bh2 {[%clk 0:00:43]} 68. Kc5 {[%clk 0:52:25]} Kd7
{[%clk 0:00:36]} 69. Kd5 {[%clk 0:50:35]} Bg3 {[%clk 0:00:35]} 70. Kc5
{[%clk 0:49:39]} Bd6+ {[%clk 0:00:36]} 71. Kc4 {[%clk 0:50:02]} Kc7
{[%clk 0:00:34]} 72. Kc3 {[%clk 0:50:24]} Bf8 {[%clk 0:00:33]} 73. Kc4
{[%clk 0:50:26]} Be7 {[%clk 0:00:51]} 74. Kc3 {[%clk 0:50:18]} Bd6
{[%clk 0:01:04]} 75. Kc4 {[%clk 0:50:45]} Bg3 {[%clk 0:01:11]} 76. Kb3
{[%clk 0:47:20]} Bf2 {[%clk 0:01:13]} 77. Kc4 {[%clk 0:47:38]} Kd6
{[%clk 0:00:37]} 78. b6 {[%clk 0:47:02]} axb6 {[%clk 0:00:37]} 79. a6
{[%clk 0:47:23]} b5+ {[%clk 0:00:36]} 80. Kxb5 {[%clk 0:47:51]} Kc7
{[%clk 0:00:43]} 81. Kc4 {[%clk 0:48:05]} Kb6 {[%clk 0:01:04]} 82. b5
{[%clk 0:48:08]} Bg1 {[%clk 0:00:41]} 83. Kb4 {[%clk 0:48:30]} Bf2
{[%clk 0:00:46]} 84. Kc4 {[%clk 0:48:51]} h4 {[%clk 0:00:35]} 85. Kd3
{[%clk 0:47:34]} Kxb5 {[%clk 0:00:48]} 86. Ke2 {[%clk 0:47:38]} Ba7
{[%clk 0:00:35]} 87. f4 {[%clk 0:48:04]} gxf4 {[%clk 0:00:33]} 88. Kf3
{[%clk 0:48:32]} Bb8 {[%clk 0:00:33]} 89. a7 {[%clk 0:48:54]} Bxa7
{[%clk 0:01:01]} 90. Kxf4 {[%clk 0:49:21]} Kc4 {[%clk 0:01:17]} 91. Kf3
{[%clk 0:49:47]} Kd3 {[%clk 0:01:32]} 1/2-1/2

[Event "World Chess Olympiad 2018"]
[Site "Batumi"]
[Date "2018.09.24"]
[Round "1"]
[Board "2"]
[WhiteFideId "14901625"]
[White "Petrik Tomas"]
[BlackFideId "19800193"]
[Black "Ndiaye Amadou"]
[Result "1-0"]
[LiveChessVersion "1.4.8"]
[BlackElo "2061"]
[WhiteElo "2481"]

1. e4 {[%clk 1:30:16]} c5 {[%clk 1:30:52]} 2. Nf3 {[%clk 1:30:36]} d6
{[%clk 1:31:11]} 3. d4 {[%clk 1:30:03]} cxd4 {[%clk 1:31:38]} 4. Nxd4
{[%clk 1:30:25]} Nf6 {[%clk 1:32:06]} 5. Nc3 {[%clk 1:30:44]} a6 {[%clk 1:32:30]}
6. Be2 {[%clk 1:26:40]} e6 {[%clk 1:31:16]} 7. O-O {[%clk 1:22:09]} Be7
{[%clk 1:31:40]} 8. a4 {[%clk 1:15:27]} O-O {[%clk 1:31:35]} 9. f4
{[%clk 1:13:55]} Qc7 {[%clk 1:31:32]} 10. Kh1 {[%clk 1:13:01]} Nc6
{[%clk 1:31:33]} 11. Be3 {[%clk 1:12:28]} Bd7 {[%clk 1:30:03]} 12. Nb3
{[%clk 1:08:38]} Rac8 {[%clk 1:27:29]} 13. a5 {[%clk 1:06:05]} Qd8
{[%clk 1:19:28]} 14. Bf3 {[%clk 0:56:59]} e5 {[%clk 1:18:29]} 15. Nd5
{[%clk 0:46:53]} Nxd5 {[%clk 1:12:42]} 16. exd5 {[%clk 0:45:13]} Nb8
{[%clk 1:12:08]} 17. fxe5 {[%clk 0:35:49]} Bb5 {[%clk 1:11:38]} 18. Bb6
{[%clk 0:33:29]} Qe8 {[%clk 1:07:22]} 19. exd6 {[%clk 0:28:46]} Bxf1
{[%clk 1:03:16]} 20. dxe7 {[%clk 0:28:32]} Bxg2+ {[%clk 1:03:09]} 21. Bxg2
{[%clk 0:24:07]} Qxe7 {[%clk 1:03:29]} 22. d6 {[%clk 0:23:40]} Qe6
{[%clk 1:00:13]} 23. Nc5 {[%clk 0:22:47]} Qc4 {[%clk 0:55:48]} 24. d7
{[%clk 0:13:54]} Rcd8 {[%clk 0:52:19]} 25. Bxd8 {[%clk 0:12:19]} Rxd8
{[%clk 0:52:44]} 26. Qd6 {[%clk 0:12:34]} Qb5 {[%clk 0:48:36]} 27. Qe7
{[%clk 0:12:12]} Nc6 {[%clk 0:48:50]} 28. Qe8+ {[%clk 0:12:33]} 1-0

[Event "World Chess Olympiad 2018"]
[Site "Batumi"]
[Date "2018.09.24"]
[Round "1"]
[Board "3"]
[WhiteFideId "19800380"]
[White "Maiga Baba Moulaye Abdalla"]
[BlackFideId "14928752"]
[Black "Gazik Viktor"]
[Result "0-1"]
[LiveChessVersion "1.4.8"]
[BlackElo "2486"]
[WhiteElo "1978"]

1. e4 {[%clk 1:30:46]} c5 {[%clk 1:30:42]} 2. Nf3 {[%clk 1:30:38]} a6
{[%clk 1:30:04]} 3. a4 {[%clk 1:30:01]} g6 {[%clk 1:29:43]} 4. Nc3
{[%clk 1:30:08]} Bg7 {[%clk 1:30:02]} 5. Bc4 {[%clk 1:30:04]} Nc6
{[%clk 1:29:41]} 6. d3 {[%clk 1:30:16]} d6 {[%clk 1:28:24]} 7. O-O
{[%clk 1:30:05]} Nf6 {[%clk 1:28:44]} 8. Ng5 {[%clk 1:29:49]} O-O
{[%clk 1:26:48]} 9. h3 {[%clk 1:30:07]} h6 {[%clk 1:26:34]} 10. Nf3
{[%clk 1:30:35]} e6 {[%clk 1:25:29]} 11. Nh2 {[%clk 1:27:34]} Rb8
{[%clk 1:24:05]} 12. Ne2 {[%clk 1:23:31]} b5 {[%clk 1:19:24]} 13. axb5
{[%clk 1:23:05]} axb5 {[%clk 1:19:47]} 14. Bb3 {[%clk 1:23:09]} Bb7
{[%clk 1:16:10]} 15. c3 {[%clk 1:22:59]} c4 {[%clk 1:15:22]} 16. Bc2
{[%clk 1:21:20]} cxd3 {[%clk 1:15:19]} 17. Bxd3 {[%clk 1:20:37]} Ne5
{[%clk 1:15:19]} 18. Ng3 {[%clk 1:18:57]} Qb6 {[%clk 1:13:59]} 19. Be3
{[%clk 1:18:27]} Qc6 {[%clk 1:14:23]} 20. Ng4 {[%clk 1:15:10]} Nfxg4
{[%clk 1:09:22]} 21. hxg4 {[%clk 1:15:14]} Ra8 {[%clk 1:07:09]} 22. Qe2
{[%clk 1:15:05]} Nxd3 {[%clk 1:06:36]} 23. Qxd3 {[%clk 1:15:31]} b4
{[%clk 1:05:20]} 24. Rfd1 {[%clk 1:10:49]} Rxa1 {[%clk 1:03:20]} 25. Rxa1
{[%clk 1:11:16]} bxc3 {[%clk 1:02:41]} 26. bxc3 {[%clk 1:11:23]} Rc8
{[%clk 1:00:18]} 27. Rc1 {[%clk 1:11:35]} Ba6 {[%clk 0:42:30]} 28. Qd1
{[%clk 1:08:56]} Rb8 {[%clk 0:37:43]} 29. Bd4 {[%clk 1:05:54]} Rb2
{[%clk 0:31:04]} 30. Bxg7 {[%clk 0:59:13]} Kxg7 {[%clk 0:31:25]} 31. Qd4+
{[%clk 0:58:47]} e5 {[%clk 0:31:22]} 32. Qe3 {[%clk 0:58:50]} Qd7
{[%clk 0:28:59]} 33. Qf3 {[%clk 0:50:02]} Bc8 {[%clk 0:27:44]} 34. Qd3
{[%clk 0:46:57]} Qa7 {[%clk 0:23:40]} 35. Nh1 {[%clk 0:43:41]} Qa3
{[%clk 0:23:55]} 36. Qe3 {[%clk 0:20:51]} Bxg4 {[%clk 0:22:30]} 37. f3
{[%clk 0:19:59]} Be6 {[%clk 0:22:48]} 38. f4 {[%clk 0:16:47]} Re2
{[%clk 0:21:30]} 39. Qxe2 {[%clk 0:16:08]} Qxc1+ {[%clk 0:21:53]} 40. Qf1
{[%clk 0:46:07]} Qxc3 {[%clk 0:51:02]} 41. fxe5 {[%clk 0:43:52]} dxe5
{[%clk 0:51:05]} 42. Qb1 {[%clk 0:42:19]} h5 {[%clk 0:50:31]} 43. Nf2
{[%clk 0:41:00]} h4 {[%clk 0:50:45]} 44. Qd3 {[%clk 0:40:12]} Qe1+
{[%clk 0:49:09]} 45. Qf1 {[%clk 0:40:36]} Qxf1+ {[%clk 0:49:08]} 46. Kxf1
{[%clk 0:41:03]} Bc4+ {[%clk 0:49:31]} 47. Kg1 {[%clk 0:41:03]} Be2
{[%clk 0:48:37]} 48. Kh2 {[%clk 0:40:45]} Kh6 {[%clk 0:49:00]} 49. Kh3
{[%clk 0:39:56]} Kg5 {[%clk 0:49:04]} 50. g3 {[%clk 0:39:19]} Bf1+
{[%clk 0:49:28]} 51. Kh2 {[%clk 0:39:26]} f6 {[%clk 0:49:43]} 52. Nd1
{[%clk 0:36:01]} Kg4 {[%clk 0:48:55]} 53. Ne3+ {[%clk 0:36:00]} Kf3
{[%clk 0:49:18]} 54. Nxf1 {[%clk 0:36:05]} Kf2 {[%clk 0:49:40]} 55. gxh4
{[%clk 0:35:04]} Kxf1 {[%clk 0:50:03]} 0-1

[Event "World Chess Olympiad 2018"]
[Site "Batumi"]
[Date "2018.09.24"]
[Round "1"]
[Board "4"]
[WhiteFideId "14923432"]
[White "Nayhebaver Martin"]
[BlackFideId "19800061"]
[Black "Toure Amadou"]
[Result "1-0"]
[LiveChessVersion "1.4.8"]
[BlackElo "1859"]
[WhiteElo "2466"]

1. e4 {[%clk 1:29:49]} e5 {[%clk 1:29:56]} 2. Nf3 {[%clk 1:29:32]} Nc6
{[%clk 1:29:51]} 3. Bb5 {[%clk 1:29:07]} a6 {[%clk 1:29:46]} 4. Ba4
{[%clk 1:29:02]} d6 {[%clk 1:28:22]} 5. O-O {[%clk 1:28:25]} Nf6 {[%clk 1:27:27]}
6. Re1 {[%clk 1:27:53]} Be7 {[%clk 1:26:45]} 7. c3 {[%clk 1:27:07]} O-O
{[%clk 1:26:14]} 8. h3 {[%clk 1:26:13]} Bd7 {[%clk 1:22:40]} 9. d4
{[%clk 1:22:54]} exd4 {[%clk 1:19:09]} 10. cxd4 {[%clk 1:22:10]} h6
{[%clk 1:17:00]} 11. Nc3 {[%clk 1:19:48]} b5 {[%clk 1:14:55]} 12. Bc2
{[%clk 1:09:37]} b4 {[%clk 1:09:10]} 13. Ne2 {[%clk 1:08:01]} a5 {[%clk 1:06:32]}
14. e5 {[%clk 1:04:33]} Nh7 {[%clk 0:56:21]} 15. Qd3 {[%clk 1:00:16]} f5
{[%clk 0:55:53]} 16. exf6 {[%clk 0:55:41]} Nxf6 {[%clk 0:55:46]} 17. Nf4
{[%clk 0:55:15]} a4 {[%clk 0:45:56]} 18. Qc4+ {[%clk 0:51:44]} d5
{[%clk 0:41:13]} 19. Nxd5 {[%clk 0:51:09]} Nxd5 {[%clk 0:39:44]} 20. Qxd5+
{[%clk 0:51:00]} Kh8 {[%clk 0:39:36]} 21. Qe4 {[%clk 0:50:04]} Bf5
{[%clk 0:38:58]} 22. Qxc6 {[%clk 0:49:43]} Bxc2 {[%clk 0:38:53]} 23. Qxc2
{[%clk 0:49:33]} Bf6 {[%clk 0:36:10]} 24. Qc4 {[%clk 0:35:41]} a3
{[%clk 0:29:00]} 25. Qxb4 {[%clk 0:33:15]} axb2 {[%clk 0:27:49]} 26. Bxb2
{[%clk 0:33:10]} Rb8 {[%clk 0:27:14]} 27. Qc3 {[%clk 0:31:37]} c5
{[%clk 0:26:29]} 28. Ne5 {[%clk 0:31:24]} Bxe5 {[%clk 0:18:46]} 29. dxe5
{[%clk 0:31:14]} Qh4 {[%clk 0:12:41]} 30. Re2 {[%clk 0:31:06]} Qh5
{[%clk 0:10:57]} 31. Rae1 {[%clk 0:30:47]} Rf5 {[%clk 0:07:46]} 32. e6
{[%clk 0:29:45]} Qg6 {[%clk 0:04:55]} 33. e7 {[%clk 0:29:04]} Re8
{[%clk 0:04:32]} 34. Re5 {[%clk 0:28:14]} Rf4 {[%clk 0:00:59]} 35. Rxc5
{[%clk 0:27:53]} 1-0

[Event "World Chess Olympiad 2018"]
[Site "Batumi"]
[Date "2018.09.24"]
[Round "1"]
[Board "1"]
[WhiteFideId "3405400"]
[White "Morovic Fernandez Ivan"]
[BlackFideId "6001238"]
[Black "Lam Daniel King Wai"]
[Result "1-0"]
[LiveChessVersion "1.4.8"]
[BlackElo "2145"]
[WhiteElo "2501"]

1. d4 {[%clk 1:30:56]} Nf6 {[%clk 1:30:55]} 2. c4 {[%clk 1:31:12]} g6
{[%clk 1:31:13]} 3. Nc3 {[%clk 1:31:19]} Bg7 {[%clk 1:31:30]} 4. e4
{[%clk 1:31:42]} d6 {[%clk 1:31:52]} 5. h3 {[%clk 1:31:26]} O-O {[%clk 1:30:34]}
6. Be3 {[%clk 1:31:36]} e5 {[%clk 1:27:57]} 7. d5 {[%clk 1:30:42]} c6
{[%clk 1:26:16]} 8. g4 {[%clk 1:27:28]} Na6 {[%clk 1:19:12]} 9. Nge2
{[%clk 1:24:16]} Nc5 {[%clk 1:13:25]} 10. Ng3 {[%clk 1:19:35]} cxd5
{[%clk 1:03:42]} 11. cxd5 {[%clk 1:19:46]} a5 {[%clk 1:00:12]} 12. f3
{[%clk 1:01:30]} h5 {[%clk 0:57:23]} 13. Qd2 {[%clk 0:52:45]} h4 {[%clk 0:52:37]}
14. Nge2 {[%clk 0:52:42]} Ne8 {[%clk 0:48:31]} 15. Rg1 {[%clk 0:50:10]} Kh7
{[%clk 0:45:43]} 16. Nc1 {[%clk 0:48:48]} f5 {[%clk 0:40:27]} 17. gxf5
{[%clk 0:39:41]} gxf5 {[%clk 0:40:28]} 18. Qg2 {[%clk 0:39:36]} Qf6
{[%clk 0:30:12]} 19. Bg5 {[%clk 0:34:41]} Qf7 {[%clk 0:28:03]} 20. Bxh4
{[%clk 0:29:17]} Bh6 {[%clk 0:15:07]} 21. Nd3 {[%clk 0:25:37]} b6
{[%clk 0:08:27]} 22. Nxc5 {[%clk 0:22:53]} bxc5 {[%clk 0:07:33]} 23. Bd3
{[%clk 0:17:57]} Ba6 {[%clk 0:05:12]} 24. Bxa6 {[%clk 0:13:58]} Rxa6
{[%clk 0:05:40]} 25. exf5 {[%clk 0:12:37]} Qxf5 {[%clk 0:05:17]} 26. Be7
{[%clk 0:09:59]} Rh8 {[%clk 0:05:31]} 27. Ne4 {[%clk 0:09:23]} Ra7
{[%clk 0:04:51]} 28. Qc2 {[%clk 0:08:36]} 1-0

[Event "World Chess Olympiad 2018"]
[Site "Batumi"]
[Date "2018.09.24"]
[Round "1"]
[Board "2"]
[WhiteFideId "6001890"]
[White "Pang Yui Kuen"]
[BlackFideId "3409350"]
[Black "Henriquez Villagra Cristobal"]
[Result "1/2-1/2"]
[LiveChessVersion "1.4.8"]
[BlackElo "2519"]
[WhiteElo "1981"]

1. Nf3 {[%clk 1:30:46]} Nf6 {[%clk 1:30:40]} 2. b4 {[%clk 1:30:58]} c6
{[%clk 1:23:27]} 3. e3 {[%clk 1:29:43]} Qb6 {[%clk 1:23:04]} 4. a3
{[%clk 1:18:58]} a5 {[%clk 1:13:39]} 5. b5 {[%clk 1:19:13]} d5 {[%clk 1:10:02]}
6. a4 {[%clk 1:18:59]} Bg4 {[%clk 1:10:10]} 7. h3 {[%clk 1:16:40]} Bxf3
{[%clk 1:09:53]} 8. Qxf3 {[%clk 1:16:50]} e5 {[%clk 1:08:53]} 9. Be2
{[%clk 1:11:04]} Nbd7 {[%clk 1:08:04]} 10. g4 {[%clk 0:58:09]} Bd6
{[%clk 0:55:36]} 11. Ba3 {[%clk 0:53:55]} Qc7 {[%clk 0:51:44]} 12. O-O
{[%clk 0:42:03]} Bxa3 {[%clk 0:44:23]} 13. Rxa3 {[%clk 0:42:19]} Qd6
{[%clk 0:44:20]} 14. d3 {[%clk 0:38:57]} d4 {[%clk 0:40:00]} 15. c4
{[%clk 0:36:41]} Nc5 {[%clk 0:38:47]} 16. Ra2 {[%clk 0:29:20]} e4
{[%clk 0:32:16]} 17. dxe4 {[%clk 0:29:30]} d3 {[%clk 0:31:57]} 18. Rd2
{[%clk 0:25:50]} h5 {[%clk 0:29:34]} 19. g5 {[%clk 0:21:26]} Nfxe4
{[%clk 0:28:46]} 20. Rxd3 {[%clk 0:17:20]} Qg6 {[%clk 0:28:50]} 21. h4
{[%clk 0:04:09]} Nxd3 {[%clk 0:22:23]} 22. Bxd3 {[%clk 0:04:32]} Nxg5
{[%clk 0:21:00]} 23. hxg5 {[%clk 0:04:17]} Qxd3 {[%clk 0:21:25]} 24. bxc6
{[%clk 0:04:18]} Qxc4 {[%clk 0:14:00]} 25. cxb7 {[%clk 0:04:40]} Rb8
{[%clk 0:14:07]} 26. Nd2 {[%clk 0:04:26]} Qxa4 {[%clk 0:14:13]} 27. Ne4
{[%clk 0:02:35]} O-O {[%clk 0:13:55]} 28. Kg2 {[%clk 0:02:17]} Rbe8
{[%clk 0:10:39]} 29. Nd6 {[%clk 0:02:22]} Rd8 {[%clk 0:08:21]} 30. Nf5
{[%clk 0:02:18]} Rfe8 {[%clk 0:07:40]} 31. Qxh5 {[%clk 0:01:10]} Qe4+
{[%clk 0:01:48]} 32. Qf3 {[%clk 0:01:40]} Rb8 {[%clk 0:01:04]} 33. Ra1
{[%clk 0:01:29]} Qxf3+ {[%clk 0:00:53]} 34. Kxf3 {[%clk 0:01:58]} Re5
{[%clk 0:01:06]} 35. Kf4 {[%clk 0:01:47]} Rb5 {[%clk 0:00:53]} 36. Nd4
{[%clk 0:02:00]} Rc5 {[%clk 0:00:48]} 37. Rb1 {[%clk 0:02:02]} a4
{[%clk 0:00:33]} 38. Rb4 {[%clk 0:02:14]} a3 {[%clk 0:00:51]} 39. Ra4
{[%clk 0:02:31]} Rxb7 {[%clk 0:01:08]} 40. Rxa3 {[%clk 0:33:00]} g6
{[%clk 0:31:00]} 41. Kg4 {[%clk 0:32:31]} Kf8 {[%clk 0:26:36]} 42. f4
{[%clk 0:32:19]} Ke7 {[%clk 0:26:55]} 43. Nf3 {[%clk 0:31:40]} Rcb5
{[%clk 0:22:36]} 44. Nd4 {[%clk 0:31:41]} R5b6 {[%clk 0:21:28]} 45. Kf3
{[%clk 0:31:44]} Kd6 {[%clk 0:21:21]} 46. Ke4 {[%clk 0:26:59]} Kc5
{[%clk 0:18:08]} 47. Rc3+ {[%clk 0:23:32]} Kb4 {[%clk 0:18:28]} 48. Kd3
{[%clk 0:23:34]} Ka4 {[%clk 0:17:53]} 49. Rc4+ {[%clk 0:22:46]} Ka3
{[%clk 0:17:08]} 50. Ke4 {[%clk 0:10:04]} Kb2 {[%clk 0:16:48]} 51. Kd3
{[%clk 0:09:28]} Kb1 {[%clk 0:16:31]} 52. Ke4 {[%clk 0:09:40]} Ra6
{[%clk 0:15:52]} 53. Nf3 {[%clk 0:08:08]} Kb2 {[%clk 0:14:53]} 54. Ne5
{[%clk 0:08:10]} Kb3 {[%clk 0:14:55]} 55. Rc8 {[%clk 0:08:33]} Raa7
{[%clk 0:14:51]} 56. Rd8 {[%clk 0:08:44]} Kc3 {[%clk 0:15:08]} 57. Rd3+
{[%clk 0:08:59]} Kc2 {[%clk 0:15:15]} 58. Rd4 {[%clk 0:08:43]} Ra3
{[%clk 0:15:03]} 59. Rd8 {[%clk 0:08:07]} Rc7 {[%clk 0:12:04]} 60. Rd6
{[%clk 0:07:13]} Kc1 {[%clk 0:08:45]} 61. Rd8 {[%clk 0:07:12]} Raa7
{[%clk 0:05:34]} 62. Rd6 {[%clk 0:07:33]} 1/2-1/2